| 000 | 00593nam a2200169Ia 4500 | ||
|---|---|---|---|
| 003 | IN-BaIIA | ||
| 008 | 211028s9999 xx 000 0 eng d | ||
| 040 | _cIIA Library | ||
| 080 |
_a(038)=3 _bCON |
||
| 100 |
_aCondoyannis, George E. _93600 |
||
| 245 | 0 |
_aScientific German _ba concise description of the structural elements of scientific and technical German _cGeorge E. Condoyannis |
|
| 260 |
_aNew York _bJohn Wiley & Sons _c1957 |
||
| 300 | _ax, 164p. | ||
| 650 |
_aGerman Dictionary _93601 |
||
| 650 |
_aScientific German Dictionary _93602 |
||
| 942 | _cBK | ||
| 999 |
_c1881 _d1881 |
||